| 000 | 00355nam a2200157Ia 4500 | ||
|---|---|---|---|
| 999 |
_c3651 _d3651 |
||
| 008 | 191201s2008 xx 000 0 und d | ||
| 020 | _a9788120311657 | ||
| 082 |
_a004.6 _bTAC |
||
| 100 | _aTanenbaum, Andrew S | ||
| 245 | 0 | _aComputer Networks | |
| 250 | _a3ed | ||
| 260 |
_aN.Delhi _bPHI _c2008 |
||
| 300 | _a813 | ||
| 650 | _aMCA | ||
| 942 |
_2ddc _cBK _07 |
||